MARC

LEADER 00000nam0a2200000 4500
001 29574
005 20231030203538.0
010 |a 5851780614 
035 |a (RuTPU)RU\TPU\book\29839 
035 |a BOOK00029914 
090 |a 29574 
100 |a 20011209d1998 m y0rusy50 ca 
101 0 |a rus 
102 |a RU 
105 |a aco j 001zy 
200 1 |a Религия: история и современность  |e учебник для вузов  |f Под ред. Ш. М. Мунчаева 
210 |a Москва  |c Культура и спорт  |c ЮНИТИ  |d 1998 
215 |a 264 с.  |c ил. 
320 |a Библиогр.: с. 262. 
320 |a Краткий словарь терм.: с. 257-261. 
610 1 |a религия 
610 1 |a теория 
610 1 |a история 
610 1 |a буддизм 
610 1 |a христианство 
610 1 |a ислам 
610 1 |a индуизм 
610 1 |a иудаизм 
610 1 |a Китай 
610 1 |a Россия 
610 1 |a церковь 
610 1 |a православие 
610 1 |a массонство 
610 1 |a культы 
610 1 |a нетрадиционные религии 
610 1 |a религиозные движения 
610 1 |a теософия 
610 1 |a политика 
610 1 |a религиозные объединения 
610 1 |a учебные пособия 
686 |a Э23  |v LBC/SL-A  |2 rubbk 
702 1 |a Мунчаев  |b Ш. М.  |g Шамиль Магомедович  |4 340 
801 0 |a RU  |b 63413507  |c 20011209  |g PSBO 
801 2 |a RU  |b 63413507  |c 20120420  |g PSBO 
942 |c BK